The Bible story library; Vol. 4. (Record no. 15464)

000 -LEADER
fixed length control field 00545nam a2200181 a 4500
001 - CONTROL NUMBER
control field :::00014302$&:&@@
003 - CONTROL NUMBER IDENTIFIER
control field OkBaRHE
005 - DATE AND TIME OF LATEST TRANSACTION
control field 20000829123428.0
008 - FIXED-LENGTH DATA ELEMENTS--GENERAL INFORMATION
fixed length control field s1956 j 000 0 eng u
040 ## - CATALOGING SOURCE
Transcribing agency
100 1# - MAIN ENTRY--PERSONAL NAME
Personal name Hodges, Turner,
245 14 - TITLE STATEMENT
Title The Bible story library; Vol. 4.
260 ## - PUBLICATION, DISTRIBUTION, ETC. (IMPRINT)
Place of publication, distribution, etc New York, NY., :
Name of publisher, distributor, etc Educational Book Guild
Date of publication, distribution, etc c1956
300 ## - PHYSICAL DESCRIPTION
Extent illus. ;
Dimensions 24 cm.
650 ## - SUBJECT ADDED ENTRY--TOPICAL TERM
Topical term or geographic name as entry element Bible Stories
942 ## - ADDED ENTRY ELEMENTS (KOHA)
Source of classification or shelving scheme
Koha item type Books
Copies
Date acquired Permanent Location Damaged status Lost status Shelving location Price effective from Barcode Withdrawn status Koha item type Copy number Date last seen Not for loan Full call number Source of classification or shelving scheme
2010-04-14RHEMA Bible Training College  General Stacks2010-04-1414302 Books12018-02-20 BS 551.2 .B52